000 00561nam a2200181Ia 4500
008 090201s9999 xx 000 0 und d
010 _aKPL-66733
040 _bमराठी
041 _aमराठी
082 _a43274
_b66733
100 _a चंदनशिवे भास्कर
245 _aमाती आणि नाती
_c चंदनशिवे भास्कर
250 _a1
260 _c2005
_bन गो भूता
300 _a176
_bमोठा
600 _aमाती आणि नाती
942 _cBOOK
999 _c240318
_d240318